000 003440000a22001570004500
003 MACL
040 _aMACL
090 _c4473
_d4472
100 _aDas, S T
245 _aTribal Development and SocioC̜ultural Matrix
260 _bKanishka Publishers
_c1993
350 _a350
650 _aEconomics
942 _cBOOK
_k335
951 _o335 BOOK
999 _c4439
_d4439